Least Guessed Elements A-Z - Statistics

General Stats
  • This quiz has been taken 20 times
  • The average score is 15 of 23
Answer Stats
letter element % Correct
K Kr 36 krypton
95%
Z Zr 40 zirconium
95%
U U 92 uranium
89%
X Xe 54 xenon
89%
A Ac 89 actinium
84%
I In 49 indium
79%
Y Yb 70 ytterbium
79%
V V 23 vanadium
74%
B Bk 97 berkelium
68%
D Db 105 dubnium
63%
E Er 68 erbium
63%
G Gd 64 gadolinium
63%
S Sm 62 samarium
63%
H Hs 108 hassium
58%
L Lu 71 lutetium
58%
N Nh 113 nihonium
58%
O Og 118 oganesson
58%
P Pa 91 protactinium
53%
T Ts 117 tennessine
53%
C Cn 112 copernicium
47%
F Fl 114 flerovium
47%
M Mc 115 moscovium
42%
R Rg 111 roentgenium
42%
No matching quizzes found
Score Distribution
Percent of People with Each Score
Percentile by Number Answered
Your Score History
You have not taken this quiz